Scotland... or Wales? - Statistics

General Stats
  • This quiz has been taken 381 times
    322 since last reset
  • The average score is 13 of 15
Answer Stats
Question Answer % Correct
Is part of the United Kingdom Both
99%
Its capital city is Edinburgh Scotland
99%
Has the larger area Scotland
98%
Home to the town with the longest one-word name in the world Wales
98%
Has a dragon on its flag Wales
97%
Its national food is haggis Scotland
95%
Has a Unicorn as its national animal Scotland
91%
Has the larger population Scotland
89%
Has at least one nationally recognized Celtic language Both
85%
Leek is one of its most known traditional symbols. Wales
84%
Home to the world's largest annual performing arts festival Scotland
77%
Home to the least-populated official city in the United Kingdom Wales
75%
Home to the tallest waterfall in Great Britain Scotland
72%
Its national sport is rugby Wales
69%
Has the highest number of castles per square kilometer in Europe Wales
61%
No matching quizzes found
Score Distribution
Percent of People with Each Score
Percentile by Number Answered
Your Score History
You have not taken this quiz since the last reset